Héléna - Paroles Gentil Garçon - Statistiques

Statistiques générales
  • Ce quiz a été pris 476 fois
  • Le résultat moyen est 326 sur 379
Statistiques - réponses
Hint Réponse % Correct
à
97%
a
97%
Mmh,
96%
Mmh
96%
Couplet 1 | Couplet 2 | Refrain C'
95%
d'
95%
t'
95%
T'
95%
es
94%
garçon
94%
J'
94%
j'
94%
de
93%
De
93%
est
93%
gentil
93%
l'
93%
pas
93%
Pas
93%
as
91%
la
91%
que
91%
si
91%
Si
91%
ça
90%
le
90%
un
90%
comme
89%
des
89%
grave
89%
les
89%
moi
89%
quand
89%
Quand
89%
te
89%
tu
89%
Tu
89%
bras
88%
en
88%
Et
88%
et
88%
gros
88%
me
88%
je
87%
préfère
87%
Toi
87%
toi
87%
tout
87%
air
86%
bagarre
86%
doux
86%
fort
86%
juste
86%
mimi
86%
père
86%
beau
85%
Différent
85%
mignon
85%
On
85%
on
85%
sexy
85%
ton
85%
bricole
83%
ou
83%
qui
83%
Qui
83%
dans
82%
perd
81%
une
81%
aime
80%
cuisines,
80%
enfants
80%
besoin
79%
jour
79%
pâtes
79%
peur
79%
rigoler
79%
du
78%
fais
78%
fin
78%
inverser
78%
peut
78%
pour
78%
rôles
78%
soldat
78%
égouttera
77%
épaule
77%
mes
77%
ok
77%
perdre
77%
veux
77%
argent
76%
douceur
76%
gardes
76%
sensible
76%
film
75%
même
74%
suis
74%
timide,
74%
pleures
73%
vie
73%
bobards
72%
difficile
72%
mieux
72%
devient
71%
inventer
70%
ramènerai
70%
gagne
67%
avachis
66%
saison
65%
boire
62%
verre
62%
conduis
60%
irai
60%
débrief
59%
feras
59%
maison
59%
peux
54%
rester
54%
Bridge Nouvel
50%
nouveaux
49%
derrière
46%
frères
46%
nouvelle
46%
Ouvre
46%
portes
45%
ère
43%
codes
37%
homme,
37%
looseur,
21%
looseur
21%
Aucun quiz correspondant
Distribution des résultats
% des personnes avec chaque résultat
Percentile par nombre de réponses
Votre historique - résultats
Vous n’avez pas pris ce quiz